| 000 | 00617cam a22002172 4500 | ||
|---|---|---|---|
| 001 | 0000020590 | ||
| 005 | 20151217145925.0 | ||
| 008 | 110926s xx 000 0 eng d | ||
| 020 | _a8184487480 : | ||
| 040 |
_aKABU _cKABU |
||
| 100 | 1 |
_aSarmukaddam, Sanjeev B. _@0000180997 |
|
| 245 | 1 | 0 |
_aBiostatistics simplified / _cSarmukaddam, Sanjeev B. |
| 250 | _a1st ed. | ||
| 260 |
_aNew Delhi : _bJaypee, _c2010. |
||
| 300 | _a412 p. | ||
| 650 | 0 |
_aBiometry. _@0000155248 |
|
| 650 | 0 |
_aBiostatistics. _@0000180998 |
|
| 852 | 1 | _9p650 KES | |
| 908 | _a110926 | ||
| 950 | _@1 | ||
| 999 |
_c4140 _d4140 |
||